Musiikkia kirjaimittain- F - Statistics

Yleistilastot
  • Tätä visaa on pelattu 138 kertaa
  • Keskiarvotulos 4 / 14
Vastaustilastot
Kappaleet Maa Aktiivisena Artisti/bändi % Oikein
Kaksi lensi yli käenpesän | Ajetaan tandemilla Suomi 1976 - Freeman
75%
My Way | New York, New York Yhdysvallat 1935 - 1995 Frank Sinatra
57%
Heruuks? | Kellareiden kasvatit Suomi 1997 - Fintelligens
45%
Oikeesti | Anna jatkua yön Suomi 1984 - Finlanders
41%
The Pretender | Best of You Yhdysvallat 1995 - Foo Fighters
37%
Glamorous | Fergalicious Yhdysvallat 1984 - Fergie
24%
Right Round | Elevator Yhdysvallat 2006 - Flo Rida
18%
Ready or Not | Rumble in the Jungle Yhdysvallat 1992 - 1997, 2004 - 2006 Fugees
17%
Thnks fr th Mmrs | Sugar, We're Goin Down Yhydsvallat 2001 - Fall Out Boy
16%
Insomnia | I Want More Iso-Britannia 1995 - 2012, 2015 - Faithless
15%
Digging the Grave | Falling To Pieces Yhdysvallat 1982 - 1998, 2009 - Faith No More
11%
Under And Over It |House of the Rising Sun Yhdysvallat 2005 - Five Finger Death Punch
10%
This Kiss | Breathe Yhdysvallat 1993 - Faith Hill
3%
Sexy | Comme ci comme ça Saksa 1999 - 2009 French Affair
2%
Ehtoja vastaavia visoja ei löytynyt
Tulosjakauma
Jokaisen tuloksen saaneiden osuus
Persentiili vastausten määrän mukaan
Tuloshistoriasi
Et ole pelannut tätä visaa